000 00717nam a2200181Ia 4500
003 GCL
008 140319s9999 xx 000 0 ara d
040 _aGCL /
_cGCL
082 0 4 _a377.4
_bا ن
100 1 _aانور الجندى
245 1 0 _aنحو بناء مناهج البدائل الاسلامية للنظريات والايدولوجيات والمفاهيم الغربية الوافدة المطروحة فى مناهج التربية والثقافة والفلسفة /
_cانور الجندى
260 _a[S.N] :
_bدار الاعتصام ،
_c1989
300 _a326
490 _a
650 0 4 _aالاسلام - مباحث
650 0 4 _aالاسلام - طرق التدريس
942 _2ddc
_cBK
999 _c29497
_d29497